000 00523nam a2200181Ia 4500
005 20250326125524.0
008 250326s9999 xx 000 0 und d
037 _aTextbook
040 _aFMSL
_beng
_cFMSL
041 _aeng
_2eng
084 _aL:14(X:8) L2
_qFMSL
100 _aRoemer M I
_9739214
245 0 _aEvaluation of community health centres
_cRoemer M I
260 _aGeneva
_bGeneva, World Health Organization
_c1972
300 _a42p
942 _cTB
_hL:14(X:8) L2
999 _c1278421
_d1278421